| 000 | 00467nam a2200157Ia 4500 | ||
|---|---|---|---|
| 003 | OSt | ||
| 005 | 20200626151754.0 | ||
| 008 | 190216s9999||||xx |||||||||||||| ||und|| | ||
| 040 | _coclc | ||
| 082 |
_a954.83 _bKUR/H |
||
| 100 |
_aKurup, K K N _91879 _d1939- author. |
||
| 245 | 0 |
_aHistory Of The Tellicherry Factory / _cK K N Kurup |
|
| 260 |
_bSandhya Publications, _c1985. |
||
| 300 | _a323p | ||
| 942 |
_cBK _2ddc _h954.83 _iKUR/H _k954.83 _mKUR/H |
||
| 999 |
_c19834 _d19834 |
||